Метрология технических средств для радиоэкологических исследований в Томске; Известия Томского политехнического университета [Известия ТПУ]; Т. 305, вып. 3 : Проблемы и перспективы технологий атомной промышленности
| Parent link: | Известия Томского политехнического университета [Известия ТПУ]/ Томский политехнический университет (ТПУ).— , 2000- Т. 305, вып. 3 : Проблемы и перспективы технологий атомной промышленности.— 2002.— [С. 56-60] |
|---|---|
| Altres autors: | , , , |
| Sumari: | Заглавие с титульного листа Электронная версия печатной публикации Использование полупроводниковых гамма-спектрометров в радиоэкологии позволяет точно и надежно идентифицировать радиоактивные элементы (радионуклиды) в пробах, отобранных на объектах природной среды, а также определять их активность. В городе Томске в разных лабораториях установлены и аттестованы такие спектрометры. Поскольку все эти лаборатории параллельно производят радиоэкологические исследования на территориях города и области, то их потенциал можно использовать более эффективно, если не будет сомнений в достоверности получаемых результатов. Настоящая работа выполнена с целью сравнительного анализа метрологических характеристик полупроводниковых спектрометров пяти лабораторий г. Томска. |
| Idioma: | rus |
| Publicat: |
2002
|
| Col·lecció: | Радиационная безопасность человека и окружающей среды |
| Matèries: | |
| Accés en línia: | http://www.lib.tpu.ru/fulltext/v/Bulletin_TPU/2002/v305/i3/11.pdf |
| Format: | MixedMaterials Electrònic Capítol de llibre |
| KOHA link: | https://koha.lib.tpu.ru/cgi-bin/koha/opac-detail.pl?biblionumber=163750 |
MARC
| LEADER | 00000nla2a2200000 4500 | ||
|---|---|---|---|
| 001 | 163750 | ||
| 005 | 20240115135820.0 | ||
| 035 | |a (RuTPU)RU\TPU\book\177656 | ||
| 035 | |a RU\TPU\book\177654 | ||
| 090 | |a 163750 | ||
| 100 | |a 20090821d2002 k y0rusy50 ca | ||
| 101 | 0 | |a rus | |
| 102 | |a RU | ||
| 135 | |a drnn ---uucaa | ||
| 181 | 0 | |a i | |
| 182 | 0 | |a b | |
| 200 | 1 | |a Метрология технических средств для радиоэкологических исследований в Томске |f В. Д. Каратаев [и др.] | |
| 203 | |a Текст |c электронный | ||
| 215 | |a 1 файл (737 Кб) | ||
| 225 | 1 | |a Радиационная безопасность человека и окружающей среды | |
| 300 | |a Заглавие с титульного листа | ||
| 300 | |a Электронная версия печатной публикации | ||
| 320 | |a [Библиогр.: с. 59-60 (6 назв.)] | ||
| 330 | |a Использование полупроводниковых гамма-спектрометров в радиоэкологии позволяет точно и надежно идентифицировать радиоактивные элементы (радионуклиды) в пробах, отобранных на объектах природной среды, а также определять их активность. В городе Томске в разных лабораториях установлены и аттестованы такие спектрометры. Поскольку все эти лаборатории параллельно производят радиоэкологические исследования на территориях города и области, то их потенциал можно использовать более эффективно, если не будет сомнений в достоверности получаемых результатов. Настоящая работа выполнена с целью сравнительного анализа метрологических характеристик полупроводниковых спектрометров пяти лабораторий г. Томска. | ||
| 337 | |a Adobe Reader | ||
| 461 | 1 | |0 (RuTPU)RU\TPU\book\176237 |t Известия Томского политехнического университета [Известия ТПУ] |f Томский политехнический университет (ТПУ) |d 2000- | |
| 463 | 1 | |0 (RuTPU)RU\TPU\book\177520 |t Т. 305, вып. 3 : Проблемы и перспективы технологий атомной промышленности |o тематический выпуск |v [С. 56-60] |d 2002 |p 415 с. | |
| 610 | 1 | |a гамма-спектрометры | |
| 610 | 1 | |a радиоэкологические исследования | |
| 610 | 1 | |a Томск | |
| 610 | 1 | |a метрологические характеристики | |
| 610 | 1 | |a труды учёных ТПУ | |
| 610 | 1 | |a электронный ресурс | |
| 610 | 1 | |a метрология | |
| 610 | 1 | |a технические средства | |
| 610 | 1 | |a полупроводниковые устройства | |
| 610 | 1 | |a радиоэкология | |
| 610 | 1 | |a радиоэкологический мониторинг | |
| 610 | 1 | |a радиоактивные элементы | |
| 610 | 1 | |a радионуклиды | |
| 610 | 1 | |a полупроводниковые спектрометры | |
| 701 | 1 | |a Каратаев |b В. Д. |c физик |c доцент Томского политехнического университета, кандидат технических наук |f 1944- |g Владимир Дмитриевич |3 (RuTPU)RU\TPU\pers\26558 | |
| 701 | 1 | |a Яковлева |b В. С. |c физик |c доцент Томского политехнического университета, кандидат физико-математических наук |f 1970- |g Валентина Станиславовна |3 (RuTPU)RU\TPU\pers\25838 |9 11711 | |
| 701 | 1 | |a Эргашев |b Д. Э. | |
| 701 | 1 | |a Башкиров |b Н. И. | |
| 801 | 1 | |a RU |b 63413507 |c 20090623 |g PSBO | |
| 801 | 2 | |a RU |b 63413507 |c 20210417 |g PSBO | |
| 856 | 4 | |u http://www.lib.tpu.ru/fulltext/v/Bulletin_TPU/2002/v305/i3/11.pdf | |
| 942 | |c CF | ||